[Event "CHI-ch (Women)"]
[Site "Las Condes"]
[Date "2022.02.22"]
[Round "6"]
[White "Rozas Lazcano, Valeska"]
[Black "Luna Benalcazar, Gianella"]
[Result "1/2-1/2"]
[WhiteElo "1456"]
[BlackElo "1736"]
[PlyCount "84"]
[EventDate "2022.02.18"]
[EventType "tourn"]
[EventRounds "11"]
[EventCountry "CHI"]
[SourceTitle "CBM 207 Extra"]
[Source "ChessBase"]
[SourceDate "2022.05.31"]
[SourceVersion "1"]
[SourceVersionDate "2022.05.31"]
[SourceQuality "1"]

1. e4 c5 2. Nc3 a6 3. Nf3 b5 4. d4 cxd4 5. Nxd4 Bb7 6. a3 g6 7. g3 Bg7 8. Bg2 Nh6 9. 0-0 0-0 10. Be3 d6 11. f4 e5 12. Nb3 f5 13. fxe5 Ng4 14. Bc1 Bxe5 15. Ne2 fxe4 16. Rxf8+ Kxf8 17. Ned4 Qd7 18. Na5 Nf6 19. Bh6+ Kg8 20. Nxb7 Qxb7 21. c3 d5 22. Bh3 Bxd4+ 23. Qxd4 Qa7 24. Qxa7 Rxa7 25. Be6+ Kh8 26. Bg5 Kg7 27. Bxf6+ Kxf6 28. Bxd5 Ke5 29. Bb3 Nd7 30. Rd1 Nf6 31. h3 h5 32. Kf2 a5 33. Bc2 Rc7 34. Rd4 Rc4 35. Rxc4 bxc4 36. Bb1 g5 37. Ba2 Kd5 38. Ke3 Ne8 39. Bb1 Nd6 40. g4 h4 41. Bc2 Ke5 42. Bd1 Kd5 1/2-1/2

[Event "Vina del Mar Vina CC U2200"]
[Site "Vina del Mar"]
[Date "2019.06.30"]
[Round "5.5"]
[White "Luna Benalcazar, Gianella"]
[Black "Morales Gonzalez, Rodrigo"]
[Result "0-1"]
[WhiteElo "1783"]
[BlackElo "1900"]
[PlyCount "59"]
[EventDate "2019.06.29"]
[EventType "swiss"]
[EventRounds "6"]
[EventCountry "CHI"]
[SourceTitle "EXT 2024"]
[Source "ChessBase"]
[SourceDate "2023.10.10"]
[SourceVersion "1"]
[SourceVersionDate "2023.10.10"]
[SourceQuality "1"]

1. d4 d5 2. Nf3 Nf6 3. c4 e6 4. e3 Nbd7 5. b3 b6 6. Bd3 Bb7 7. cxd5 exd5 8. 0-0 Bd6 9. Ba3 Bxa3 10. Nxa3 0-0 11. Rc1 c6 12. Nc2 Qe7 13. Ng5 h6 14. Nf3 Ne4 15. Nce1 Ndf6 16. Ne5 Rac8 17. f3 Nd6 18. Qe2 Rc7 19. Bb1 Rfc8 20. Ng4 Nxg4 21. fxg4 Re8 22. Rf3 Qg5 23. h3 Rce7 24. Nc2 Ne4 25. Nb4 c5 26. Rf5 Ng3 27. Qc2 Nxf5 28. gxf5 Qxe3+ 29. Kh2 Qf4+ 30. Kh1 0-1

[Event "Santiago Women of Chile"]
[Site "Santiago de Chile"]
[Date "2016.01.13"]
[Round "4.3"]
[White "Henriquez Agurto, Antonia"]
[Black "Luna Benalcazar, Gianella"]
[Result "0-1"]
[WhiteElo "1497"]
[BlackElo "1845"]
[PlyCount "52"]
[EventDate "2016.01.12"]
[EventType "swiss"]
[EventRounds "9"]
[EventCountry "CHI"]
[SourceTitle "EXT 2024"]
[Source "ChessBase"]
[SourceDate "2023.10.10"]
[SourceVersion "1"]
[SourceVersionDate "2023.10.10"]
[SourceQuality "1"]

1. e4 c5 2. d3 e6 3. g3 Nc6 4. Bg2 g6 5. f4 d6 6. Nf3 Bg7 7. c3 Nge7 8. Be3 b6 9. Nbd2 d5 10. e5 Nf5 11. Bf2 Bb7 12. 0-0 h6 13. Qe2 a5 14. g4 Nfe7 15. Bh4 Qd7 16. Rae1 Nd8 17. Bxe7 Qxe7 18. Rf2 Qd7 19. Nf1 Qa4 20. Qd2 Qxa2 21. Ng3 Nc6 22. f5 gxf5 23. gxf5 0-0-0 24. f6 Bf8 25. Nh5 Rg8 26. Ng3 d4 0-1

[Event "CHI-ch (Women)"]
[Site "Santiago de Chile"]
[Date "2015.01.14"]
[Round "3"]
[White "Luna Benalcazar, Gianella"]
[Black "Henriquez Villagra, Patricia Gabriela"]
[Result "1-0"]
[WhiteElo "1789"]
[BlackElo "1576"]
[PlyCount "77"]
[EventDate "2015.01.13"]
[EventType "swiss"]
[EventRounds "9"]
[EventCountry "CHI"]
[SourceTitle "CBM 164 Extra"]
[Source "ChessBase"]
[SourceDate "2015.03.02"]
[SourceVersion "1"]
[SourceVersionDate "2015.03.02"]
[SourceQuality "1"]

1. d4 Nf6 2. c4 g6 3. e3 Bg7 4. Nc3 d5 5. Nf3 0-0 6. Be2 a6 7. 0-0 dxc4 8. Bxc4 b5 9. Bb3 Bg4 10. h3 Bxf3 11. Qxf3 Nbd7 12. e4 e5 13. d5 Nc5 14. Bg5 Qd6 15. Rac1 h6 16. Bxf6 Bxf6 17. Ne2 Bg5 18. Rc2 Kg7 19. Ng3 h5 20. Qc3 Nxb3 21. axb3 h4 22. Ne2 Rac8 23. f4 Bf6 24. f5 g5 25. Qc5 Qb6 26. Qxb6 cxb6 27. Rfc1 Rxc2 28. Rxc2 Be7 29. Rc6 Bc5+ 30. Kf1 b4 31. Nc1 a5 32. Ke2 Rd8 33. Kd3 Rd7 34. Kc4 f6 35. Nd3 Bg1 36. d6 Kf8 37. Kd5 Ke8 38. Ke6 b5 39. Rc8+ 1-0